Mädchen in all ihren Farben (Titelsatznr. 1515)

[ MARC ]
MARC-Details
000 -LEADER
fixed length control field 02961pam a2200805 c 4500
001 - CONTROL NUMBER
control field 1192524381
003 - CONTROL NUMBER IDENTIFIER
control field DE-101
005 - DATE AND TIME OF LATEST TRANSACTION
control field 20260217130113.0
007 - PHYSICAL DESCRIPTION FIXED FIELD--GENERAL INFORMATION
fixed length control field tu
008 - FIXED-LENGTH DATA ELEMENTS--GENERAL INFORMATION
fixed length control field 190809s2019 gw ||||| |||| 00||||ger
015 ## - NATIONAL BIBLIOGRAPHY NUMBER
National bibliography number 20,A12
Canceled/invalid national bibliography number 19,N33
Source dnb
016 7# - NATIONAL BIBLIOGRAPHIC AGENCY CONTROL NUMBER
Source DE-101
Record control number 1192524381
020 ## - INTERNATIONAL STANDARD BOOK NUMBER
International Standard Book Number 9783842046160
Terms of availability Broschur : EUR 6.99 (DE), EUR 7.25 (AT)
020 ## - INTERNATIONAL STANDARD BOOK NUMBER
International Standard Book Number 3842046162
024 3# - OTHER STANDARD IDENTIFIER
Standard number or code 9783842046160
035 ## - SYSTEM CONTROL NUMBER
System control number (DE-599)DNB1192524381
035 ## - SYSTEM CONTROL NUMBER
System control number (OCoLC)1112232825
040 ## - CATALOGING SOURCE
Original cataloging agency 1245
Language of cataloging ger
Transcribing agency DE-101
Modifying agency 9999
Description conventions rda
041 ## - LANGUAGE CODE
Language code of text/sound track or separate title ger
Language code of original jpn
044 ## - COUNTRY OF PUBLISHING/PRODUCING ENTITY CODE
ISO country code XA-DE-HH
082 74 - DEWEY DECIMAL CLASSIFICATION NUMBER
Field link and sequence number 2\p
Classification number 741.5
Assigning agency DE-101
Edition number 23sdnb
100 0# - MAIN ENTRY--PERSONAL NAME
Authority record control number or standard number (DE-588)1170929893
-- https://d-nb.info/gnd/1170929893
-- (DE-101)1170929893
Personal name Miman
Relator term Verfasser
Relationship aut
Relator term Künstler
Relationship art
Source of heading or term gnd
240 10 - UNIFORM TITLE
Uniform title Kimiiro shōjo
245 10 - TITLE STATEMENT
Title Mädchen in all ihren Farben
Statement of responsibility, etc. Miman
250 ## - EDITION STATEMENT
Edition statement 1. Auflage, deutsche Ausgabe
264 #1 - PRODUCTION, PUBLICATION, DISTRIBUTION, MANUFACTURE, AND COPYRIGHT NOTICE
Place of production, publication, distribution, manufacture Hamburg
Name of producer, publisher, distributor, manufacturer TOKYOPOP
Date of production, publication, distribution, manufacture, or copyright notice 2019
300 ## - PHYSICAL DESCRIPTION
Extent 176 Seiten
Dimensions 19 cm
336 ## - CONTENT TYPE
Content type term Text
Content type code txt
Source rdacontent
336 ## - CONTENT TYPE
Content type term unbewegtes Bild
Content type code sti
Source rdacontent
337 ## - MEDIA TYPE
Media type term ohne Hilfsmittel zu benutzen
Media type code n
Source rdamedia
338 ## - CARRIER TYPE
Carrier type term Band
Carrier type code nc
Source rdacarrier
490 0# - SERIES STATEMENT
Series statement Girls love
653 ## - INDEX TERM--UNCONTROLLED
Uncontrolled term (Produktform)Paperback / softback
653 ## - INDEX TERM--UNCONTROLLED
Uncontrolled term (Zielgruppe)Junge Erwachsene
653 ## - INDEX TERM--UNCONTROLLED
Uncontrolled term (Zielgruppe)Kinder/Jugendliche
653 ## - INDEX TERM--UNCONTROLLED
Uncontrolled term (Zielgruppe)ab 15 Jahre
653 ## - INDEX TERM--UNCONTROLLED
Uncontrolled term girls love manga
653 ## - INDEX TERM--UNCONTROLLED
Uncontrolled term girls love oneshot
653 ## - INDEX TERM--UNCONTROLLED
Uncontrolled term kurzgeschichten
653 ## - INDEX TERM--UNCONTROLLED
Uncontrolled term lgtbq manga
653 ## - INDEX TERM--UNCONTROLLED
Uncontrolled term miman
653 ## - INDEX TERM--UNCONTROLLED
Uncontrolled term romance
653 ## - INDEX TERM--UNCONTROLLED
Uncontrolled term shojo manga
653 ## - INDEX TERM--UNCONTROLLED
Uncontrolled term shoujo manga
653 ## - INDEX TERM--UNCONTROLLED
Uncontrolled term yuri manga
653 ## - INDEX TERM--UNCONTROLLED
Uncontrolled term (VLB-WN)2182: Taschenbuch / Belletristik/Comic, Cartoon, Humor, Satire/Manga, Manhwa
653 ## - INDEX TERM--UNCONTROLLED
Uncontrolled term (BISAC Subject Heading)CGN004050
653 ## - INDEX TERM--UNCONTROLLED
Uncontrolled term (BISAC Subject Heading)CGN004250
653 ## - INDEX TERM--UNCONTROLLED
Uncontrolled term Girls Love
653 ## - INDEX TERM--UNCONTROLLED
Uncontrolled term GL
653 ## - INDEX TERM--UNCONTROLLED
Uncontrolled term Yuri
653 ## - INDEX TERM--UNCONTROLLED
Uncontrolled term Comedy
653 ## - INDEX TERM--UNCONTROLLED
Uncontrolled term School Life
653 ## - INDEX TERM--UNCONTROLLED
Uncontrolled term Slice of Life
653 ## - INDEX TERM--UNCONTROLLED
Uncontrolled term Kawaii
653 ## - INDEX TERM--UNCONTROLLED
Uncontrolled term Girl meets Girl
653 ## - INDEX TERM--UNCONTROLLED
Uncontrolled term LGBTQ
653 ## - INDEX TERM--UNCONTROLLED
Uncontrolled term Lesbisch
653 ## - INDEX TERM--UNCONTROLLED
Uncontrolled term Junge Liebe
653 ## - INDEX TERM--UNCONTROLLED
Uncontrolled term Erste Erfahrungen
655 #7 - INDEX TERM--GENRE/FORM
Authority record control number or standard number (DE-588)4010427-8
-- https://d-nb.info/gnd/4010427-8
-- (DE-101)040104273
Genre/form data or focus term Comic
Source of term gnd-content
700 1# - ADDED ENTRY--PERSONAL NAME
Authority record control number or standard number (DE-588)1076028837
-- https://d-nb.info/gnd/1076028837
-- (DE-101)1076028837
Personal name Maser, Verena
Relator term Übersetzer
Relationship trl
Source of heading or term gnd
710 2# - ADDED ENTRY--CORPORATE NAME
Field link and sequence number 1\p
Authority record control number or standard number (DE-588)7538845-5
-- https://d-nb.info/gnd/7538845-5
-- (DE-101)980855691
Corporate name or jurisdiction name as entry element Tokyopop GmbH
Relator term Verlag
Relationship pbl
Source of heading or term gnd
776 08 - ADDITIONAL PHYSICAL FORM ENTRY
Relationship information Erscheint auch als
Note Online-Ausgabe
Main entry heading Miman <Online-Ausgabe>
Title Mädchen in all ihren Farben
Place, publisher, and date of publication Hamburg : TOKYOPOP Verlag, 2022
Physical description Online-Ressource, 196 Seiten
Record control number (DE-101)1264127332
856 42 - ELECTRONIC LOCATION AND ACCESS
Contact for access assistance B:DE-101
Electronic format type application/pdf
Uniform Resource Identifier <a href="https://d-nb.info/1192524381/04">https://d-nb.info/1192524381/04</a>
Materials specified Inhaltsverzeichnis
883 1# - METADATA PROVENANCE
Field link and sequence number 1\p
Creation process adb
Creation date 20211004
Assigning or generating agency DE-101
Uniform Resource Identifier https://d-nb.info/provenance/plan#adb
883 2# - METADATA PROVENANCE
Field link and sequence number 2\p
Creation process dnb
Creation date 20200312
Assigning or generating agency DE-101
Uniform Resource Identifier https://d-nb.info/provenance/plan#dnb
942 ## - ADDED ENTRY ELEMENTS (KOHA)
Source of classification or shelving scheme Dewey Decimal Classification
Koha item type Manga
Suppress in OPAC No
Exemplare
Withdrawn status Lost status Source of classification or shelving scheme Damaged status Not for loan Home library Current library Shelving location Date acquired Total checkouts Barcode Date last seen Price effective from Koha item type
    Dewey Decimal Classification     Bunte Manga Potsdam Bunte Manga Potsdam Romance - Girl's Love 02/17/2026   1495 02/17/2026 02/17/2026 Manga

Powered by Koha